MDQL
is popping MORE tags! Check the
thread
!
Quizzes
Events
Quiz Creation
Community
Videos
Private Events
Remove Ads
Sign In
Join for FREE
Feedback
Dark Mode
Quiz Categories
Sports
Geography
Music
Movies
Television
Just For Fun
Miscellaneous
History
Literature
Language
Science
Gaming
Entertainment
Religion
Holiday
For Kids
Quiz Lab
Recent
Popular Today
Quiz Kudos Today
Editor Picks
Curator Picks
Quizzes by...
Day
Popularity
Type
Ratings
Length
Year
Community
Subscriptions
Recent Discussions
Orange Saloon
Badges
Playlists
Quests
Create
Leaderboards
Showdown
Live 5
Trivia Bingo
Activity
Puzzle Library
Sporcle Events
Private Events
Virtual Trivia
Globe League
Become a Host
Pub Owners
SporcleCon
Opinionation
Our Games
Videos
Blog
Mobile Apps
Partnerships
Remove Ads and Go Orange
Feedback
Sports
Athletes
MLB
NBA
NHL
NFL
Soccer
Sports Teams
WWE
NCAA
Football
Premier League
Basketball
Baseball
Hockey
Golf
Tennis
Cricket
Rugby
Auto Racing
Olympics
World Cup
Sports
Athletes
MLB
NBA
NHL
NFL
Soccer
Sports Teams
WWE
NCAA
Football
Premier League
Basketball
Baseball
Hockey
Golf
Tennis
Cricket
Rugby
Auto Racing
Olympics
World Cup
Random Quiz
Search Sporcle
×
Quiz Lab
Quiz Lab
Sports
MLB
Type in answers that appear in a list
Type in answers that appear in a list
Classic
Best Score? Go Orange.
MLB Yearly Leaders: Games with HR & SB (2000s-2010s) Stats
Can you name the yearly leaders in games with a home run and stolen base for each season since 2000?
By
slacktivist
20m
198 Questions
114 Plays
114 Plays
114 Plays
Comments
Comments
Give Quiz Kudos
Give Quiz Kudos
-
- Ratings
hide this ad
Replay
Link that replays current quiz
Next Quiz
Link to next quiz in quiz playlist
You Got
0%
They Got
Avg Score
71%
Avg Friend Score
Upgrade to see
Score Distribution
Jump to the score distribution portion of the page
Score
0/198
Timer
20:00
0
Plays Today
WAR Pos
Player
% Correct
2014
Mike Trout
99.1%
2013
Mike Trout
99.1%
2006
Vladimir Guerrero (LAA), Alex Rodriguez (NYY), Ichiro Suzuki (SEA), . . . 13 others
99.1%
2016
Mike Trout
99.1%
2012
Mike Trout
99.1%
2015
Mookie Betts (BOS), Mike Trout (LAA), Joey Votto (CIN), . . . 18 others
98.2%
2009
Ryan Braun
96.5%
2014
Jose Altuve
96.5%
2012
Ryan Braun
96.5%
2003
Jeff Bagwell (HOU), Kenny Lofton (PIT), Alex Rodriguez (TEX), . . . 8 others
96.5%
2007
Ryan Braun
96.5%
2010
Ryan Braun
96.5%
2015
Ryan Braun
96.5%
2008
Alex Rodriguez
94.7%
2007
Alex Rodriguez
94.7%
2005
Alex Rodriguez
94.7%
2001
Alex Rodriguez
94.7%
2004
Alex Rodriguez
94.7%
2010
Sean Rodriguez
93.9%
2016
Bryce Harper
93.9%
2014
Paul Goldschmidt
93%
2010
Carlos Gonzalez
93%
2015
Paul Goldschmidt
93%
2016
Paul Goldschmidt
93%
2002
Luis Gonzalez
93%
2010
Brandon Phillips
92.1%
2008
Brandon Phillips
92.1%
2008
Alfonso Soriano
91.2%
2013
Alfonso Soriano
91.2%
2002
Alfonso Soriano
91.2%
2003
Alfonso Soriano
91.2%
2000
Barry Bonds
91.2%
2005
Alfonso Soriano
91.2%
2006
Alfonso Soriano
91.2%
2001
Barry Bonds
91.2%
2001
Alfonso Soriano
91.2%
2012
Andrew McCutchen
90.4%
2006
Carlos Beltran
90.4%
2008
Carlos Beltran
90.4%
2002
Carlos Beltran
90.4%
2004
Carlos Beltran
90.4%
2003
Carlos Beltran
90.4%
2001
Carlos Beltran
90.4%
2012
Melvin Upton
88.6%
2010
Curtis Granderson
88.6%
2010
Justin Upton
88.6%
2005
Jimmy Rollins
88.6%
2009
Justin Upton
88.6%
2016
Melvin Upton
88.6%
2012
Justin Upton
88.6%
2007
Jimmy Rollins
88.6%
2012
Jimmy Rollins
88.6%
2009
Adam Jones
88.6%
2013
Adam Jones
88.6%
2014
Justin Upton
88.6%
2011
Curtis Granderson
88.6%
2007
Curtis Granderson
88.6%
2008
Jose Reyes
87.7%
2007
Jose Reyes
87.7%
2006
Jose Reyes
87.7%
2002
Vladimir Guerrero
87.7%
2014
Jose Reyes
87.7%
2004
Vladimir Guerrero
87.7%
2005
Vladimir Guerrero
87.7%
2001
Vladimir Guerrero
87.7%
2005
Carl Crawford
86.8%
WAR Pos
Player
% Correct
2005
Derek Jeter
86.8%
2007
Carl Crawford
86.8%
2006
Carl Crawford
86.8%
2010
Carl Crawford
86.8%
2013
Hanley Ramirez
85.1%
2000
Jeff Bagwell
85.1%
2008
Hanley Ramirez
85.1%
2014
Carlos Gomez
84.2%
2012
Carlos Gomez
84.2%
2010
Albert Pujols
84.2%
2009
Albert Pujols
84.2%
2006
Albert Pujols
84.2%
2014
Ian Kinsler
84.2%
2011
Ian Kinsler
84.2%
2009
Ian Kinsler
84.2%
2002
Johnny Damon (BOS), Todd Helton (COL), Torii Hunter (MIN), . . . 4 others
84.2%
2005
David Wright
83.3%
2003
Orlando Cabrera
83.3%
2011
Asdrubal Cabrera
83.3%
2004
Bobby Abreu
82.5%
2013
Hunter Pence
82.5%
2010
Bobby Abreu
82.5%
2001
Bobby Abreu
82.5%
2002
Bobby Abreu
82.5%
2005
Craig Biggio
80.7%
2010
Matt Kemp
80.7%
2016
Rajai Davis
80.7%
2011
Matt Kemp
80.7%
2009
Grady Sizemore
79.8%
2008
Grady Sizemore
79.8%
2007
Grady Sizemore
79.8%
2011
Johnny Damon
79.8%
2015
Carlos Correa
78.9%
2004
Torii Hunter
78.9%
2014
Jay Bruce
78.1%
2009
Jayson Werth
77.2%
2009
Jacoby Ellsbury
76.3%
2016
Starling Marte
76.3%
2011
Jacoby Ellsbury
76.3%
2015
Manny Machado
75.4%
2014
Brett Gardner
74.6%
2011
Brett Gardner
74.6%
2009
Brian Roberts
73.7%
2005
Carlos Lee
73.7%
2003
Derrek Lee
73.7%
2003
Carlos Lee
73.7%
2000
Carlos Lee
73.7%
2002
Derrek Lee
73.7%
2008
Brian Roberts
73.7%
2007
Carlos Lee
73.7%
2005
Brian Roberts
73.7%
2005
Dave Roberts
72.8%
2012
Giancarlo Stanton
71.9%
2007
Gary Sheffield
71.9%
2003
Gary Sheffield
71.9%
2001
Shawn Green
71.9%
2016
Wil Myers
71.1%
2016
Brian Dozier
71.1%
2012
Ian Desmond
70.2%
2016
Ian Desmond
70.2%
2013
A.J. Pollock
69.3%
2015
A.J. Pollock
69.3%
2008
Russell Martin
69.3%
2011
Ben Zobrist
69.3%
2015
Lorenzo Cain
68.4%
2013
Jose Bautista
67.5%
WAR Pos
Player
% Correct
2013
Alex Rios
65.8%
2010
Alex Rios
65.8%
2007
Alex Rios
65.8%
2004
Mike Cameron
64.9%
2000
Mike Cameron
64.9%
2002
Mike Cameron
64.9%
2006
Ryan Zimmerman
64.9%
2008
Mike Cameron
64.9%
2001
Mike Cameron
64.9%
2005
Aaron Boone
64%
2004
Melvin Mora
64%
2002
Aaron Boone
64%
2015
Dexter Fowler
62.3%
2014
Todd Frazier
60.5%
2001
Jose Cruz Jr.
59.6%
2006
Chone Figgins
59.6%
2013
Daniel Murphy
59.6%
2016
Odubel Herrera
57.9%
2004
Steve Finley
57.9%
2014
Charlie Blackmon
57%
2009
Mark Reynolds
57%
2014
Anthony Rendon
57%
2000
J.D. Drew
57%
2005
Rafael Furcal
56.1%
2004
Rafael Furcal
56.1%
2002
Juan Encarnacion
55.3%
2003
Juan Encarnacion
55.3%
2005
Coco Crisp
51.8%
2010
Coco Crisp
51.8%
2016
Jonathan Villar
51.8%
2015
Kevin Pillar
51.8%
2013
Coco Crisp
51.8%
2010
Dan Uggla
49.1%
2000
Preston Wilson
48.2%
2016
Trea Turner
46.5%
2001
Cliff Floyd
44.7%
2000
Cliff Floyd
44.7%
2004
Carlos Guillen
42.1%
2003
Eduardo Perez
40.4%
2016
Hernan Perez
40.4%
2004
Milton Bradley
39.5%
2004
Tony Batista
39.5%
2000
Raul Mondesi
38.6%
2016
Freddy Galvis
38.6%
2009
Nate McLouth
36.8%
2011
Drew Stubbs
33.3%
2014
Drew Stubbs
33.3%
2013
Drew Stubbs
33.3%
2012
Drew Stubbs
33.3%
2000
Ryan Klesko
31.6%
2011
Cameron Maybin
31.6%
2004
Brad Wilkerson
28.9%
2014
Kolten Wong
28.9%
2013
Will Venable
27.2%
2004
Corey Patterson
27.2%
2010
Will Venable
27.2%
2006
Corey Patterson
27.2%
2007
Eric Byrnes
25.4%
2006
Eric Byrnes
25.4%
2004
Randy Winn
22.8%
2012
Michael Saunders
21.9%
2016
Logan Forsythe
21.1%
2010
Andres Torres
19.3%
2015
Jake Marisnick
14%
2000
Todd Hollandsworth
12.3%
2013
Justin Ruggiano
4.4%
Quiz Playlist
Details
Report
Send in Message
Add To Playlist
Classic:
Type in answers that appear in a list
Last Updated: Jul 3, 2017
Quiz Scoreboard
CHALLENGE
Sign Up to Join the Scoreboard
Show All
Scores
Hide
Comments
May contain spoilers
Recently Published
Two Season TV Shows II
by 123Four
Television
10m
Image Sorting: Flags VI
by Barbecue
Geography
2m
Find the 'City' Movie
by crazypaving
Movies
60s
More to Explore
Quiz From the Vault
Featured Blog Post
14 Easter Pick-up Lines to Find Eggs With
hide this ad
You Might Also Like...
Tags
MLB Quiz
War Quiz
2000
base
home
Leader
Player
pos
run
season
stolen
team
Today's Top Quizzes in Sports
Browse Sports
hide this ad
Today's Top Quizzes in MLB
Browse MLB
Top Contributed Quizzes in Sports
1
Les meilleurs buteurs des matchs entre le PSG et l’OM
2
Les entraîneurs de l'OM et du PSG au 21e siècle
3
2022 World Cup Stars
4
Les joueurs passés par le PSG et l'OM
5
Players with Multiple 50 Home Run Seasons
6
Criteria MLB: Left Handed Sluggers
7
FIFA Club World Cup Champions
8
Les joueurs passés par le LOSC et le RC Lens
9
NBA Logic Puzzle 2.0
10
Top 10 NHL Goal Scorers of All Time
Explore More
Trending Topics
NBA
Crossword
Harry Potter
Anime
Kpop
Marvel
Disney
WWE
Country
Soccer
Song
Puzzle
Pokémon
The Office
NFL
hide this ad
More By:
slacktivist
Quiz
Plays
Rating
Category
Featured
Created
MLB Teams: Last 10 Hitters with .300 Seasons
25,604
4.78
Sports
Apr 26, 2017
MLB: 40 Wins Above Replacement for One Team
12,386
4.81
Sports
Apr 7, 2014
MLB Leaders: Top 10 HR Hitters, Last 30 Seasons
7,156
4.91
Sports
Aug 6, 2015
MLB Leaders: Top 300 Players in Career Home Runs
6,798
4.88
Sports
Feb 6, 2019
MLB: 2010s All-Decade Teams by Career WAR
5,496
4.93
Sports
Mar 25, 2017
Go to Creator's Profile
Score Distribution
Quiz Creator Spotlight
slacktivist
Follow
Send a Message
Quizzes Created
-
Created Quiz Play Count
-
More By This Creator
Popular Quizzes Today
1
Colored Red Africa Blitz
2
Find the US States - No Outlines Minefield
3
Find the 'City' Movie
4
5x2 Blitz: Bands
5
The Countries of the World
6
Find the US States
7
Find the Countries of Europe - No Outlines Minefield
8
US States
More Sports Quizzes
Repeat Chinese Grand Prix Winners
Curator's Pick
Trending Quizzes
Colored Red Europe Blitz I
Colored Red Africa Blitz II
Colored Red Europe Blitz II
Colored Red Africa Blitz III
Colored Red Europe Blitz III
Recently Updated
How Do You Spell That?
pecheneg
Godzilla Movies
pecheneg
Grab Bag: 4-10 Letters
pecheneg
2024 March Madness Bracket
pecheneg
Famous TV Couples
Peacemaker
Champions League XIs: Real Madrid
pecheneg
Largest US Cities 1790-2010
pecheneg
Rides in Walt Disney World
pecheneg
Most Oscar Losses (Acting)
pecheneg
Beyoncé Albums
pecheneg
Trending Topics
Kpop
Anime
NBA
Harry Potter
Crossword
Marvel
Disney
Puzzle
The Office
WWE
NFL
Pokémon
Country
Soccer
Song
Your Account Isn't Verified!
In order to create a playlist on Sporcle, you need to verify the email address you used during registration. Go to your
Sporcle Settings
to finish the process.
Report this User
Report this user for behavior that violates our
Community Guidelines
.
Details:
Send Report
Go to the Sporcle.com Mobile Site →
Comments